Chinabound : a fifty-year memoir /

Bibliographic Details
Main Author: Fairbank, John King, 1907-1991
Format: Book
Language:English
Published: New York : Harper & Row, [1982]
Edition:1st ed.
Subjects:

MARC

Tag First Indicator Second Indicator Subfields
LEADER 00000pam a2200000 a 4500
001 in00000083123
005 20210708132944.0
008 810723s1982 nyuabf 00110aeng
010 |a  81047656  
020 |a 0060390050 :  |c $20.00 
035 |a (OCoLC)07738036 
035 |9 AAJ3860AM 
039 0 |a 2  |b 3  |c 3  |d 3  |e 3 
040 |a DLC  |c DLC  |d TXA  |d UtOrBLW 
043 |a a-cc---  |a n-us--- 
049 |a TXAM  |c [951965] 
050 0 0 |a DS734.9.F3  |b A33 1982 
082 0 |a 951/.04  |2 19 
100 1 |a Fairbank, John King,  |d 1907-1991. 
245 1 0 |a Chinabound :  |b a fifty-year memoir /  |c John King Fairbank. 
250 |a 1st ed. 
264 1 |a New York :  |b Harper & Row,  |c [1982] 
264 4 |c ©1982 
300 |a xiv, 480 pages, 16 unnumbered pages of plates :  |b illustrations, maps ;  |c 24 cm. 
336 |a text  |b txt  |2 rdacontent 
337 |a unmediated  |b n  |2 rdamedia 
338 |a volume  |b nc  |2 rdacarrier 
500 |a The Cushing Library/Basbanes Collection copy is part of the Nicholas A. Basbanes Collection of Inscribed Books. 
500 |a "A Cornelia & Michael Bessie book." 
500 |a Maps on lining paper. 
500 |a Includes index. 
600 1 0 |a Fairbank, John King,  |d 1907-1991. 
650 0 |a Sinologists  |z United States  |x Biography. 
651 0 |a United States  |x Relations  |z China. 
651 0 |a China  |x Relations  |z United States. 
948 |a cataloged  |b h  |c 2021/07/08  |d c  |e awday 
999 |a MARS 
999 f f |s 519e2ce6-b95c-3471-abc0-7f14e713a230  |i a7fe5105-034b-3064-b310-77bd7e34d173  |t 0 
952 f f |p ric  |a Texas A&M University  |b Rellis Campus  |c Joint Library Facility  |d Remote Storage  |t 0  |e DS734.9.F3 A33 1982  |h Library of Congress classification  |i unmediated -- volume  |m A14806102158 
952 f f |p noncirc  |a Texas A&M University  |b College Station  |c Cushing Memorial Library & Archives  |d Cushing: Nicholas Basbanes (Does not check out)  |t 0  |e DS734.9.F3 A33 1982  |h Library of Congress classification  |i unmediated -- volume 
998 f f |a DS734.9.F3 A33 1982  |t 0  |l Cushing: Nicholas Basbanes (Does not check out) 
998 f f |a DS734.9.F3 A33 1982  |t 0  |l Remote Storage